Pasta Types Quiz Stats

 Plays Quiz Updated Jul 20, 2021

Support Sporcle.
Go Orange.
Score 0/30 Timer 06:00
7 Plays Today
Pasta % Correct
Spaghetti
89.1%
Macaroni
84%
Lasagna
78.6%
Ravioli
75.5%
Penne
73.6%
Farfalle
72.5%
Capellini
71.1%
Conchiglie
64.7%
Linguine
60.3%
Tortellini
50.4%
Gnocchi
45.1%
Rigatoni
44.2%
Fettuccine
42.4%
Rotini
42%
Orzo
33.7%
Pasta % Correct
Fusilli
31.5%
Ziti
31.2%
Couscous
27%
Rotelle
22.1%
Manicotti
19.7%
Vermicelli
11.6%
Acini di pepe
8.3%
Ditalini
7.4%
Gemelli
6.9%
Bucatini
6.8%
Orecchiette
5.5%
Radiatore
5.3%
Cavatelli
4.9%
Pappardelle
4.6%
Mafalde
1.5%
Remove Ads.
Support Sporcle.
Get the best of Sporcle when you Go Orange. This ad-free experience offers more features, more stats, and more fun while also helping to support Sporcle. Thank you for becoming a member.

Show Comments

Extras

Top Quizzes Today


Score Distribution

Your Account Isn't Verified!

In order to create a playlist on Sporcle, you need to verify the email address you used during registration. Go to your Sporcle Settings to finish the process.

Report this User

Report this user for behavior that violates our Community Guidelines.

Details: